Supply chain management: (Record no. 194896)
[ view plain ]
| 000 -LEADER | |
|---|---|
| fixed length control field | 00765nam a2200229Ia 4500 |
| 005 - DATE AND TIME OF LATEST TRANSACTION | |
| control field | 20230201135344.0 |
| 008 - FIXED-LENGTH DATA ELEMENTS--GENERAL INFORMATION | |
| fixed length control field | 210716s2015 xx 000 0 und d |
| 020 ## - INTERNATIONAL STANDARD BOOK NUMBER | |
| International Standard Book Number | 9788177221916 |
| 040 ## - CATALOGING SOURCE | |
| Transcribing agency | AIMIT LIBRARY |
| 041 ## - LANGUAGE CODE | |
| Language code of text/sound track or separate title | eng |
| 082 ## - DEWEY DECIMAL CLASSIFICATION NUMBER | |
| Classification number | 658.7 |
| Edition number | 1 |
| Item number | MOHR |
| 100 ## - MAIN ENTRY--PERSONAL NAME | |
| Personal name | Mohanty, R P. |
| 9 (RLIN) | 70445 |
| 245 ## - TITLE STATEMENT | |
| Title | Supply chain management: |
| Remainder of title | Theories and practices / |
| Statement of responsibility, etc. | By R P Mohanty and S G Deshmukh. |
| 250 ## - EDITION STATEMENT | |
| Edition statement | 1st ed. |
| 260 ## - PUBLICATION, DISTRIBUTION, ETC. | |
| Place of publication, distribution, etc. | New Delhi : |
| Name of publisher, distributor, etc. | Biztantra , |
| Date of publication, distribution, etc. | 2016. |
| 300 ## - PHYSICAL DESCRIPTION | |
| Extent | xv,355p. ; |
| Dimensions | 26 cm. |
| 650 ## - SUBJECT ADDED ENTRY--TOPICAL TERM | |
| Topical term or geographic name entry element | Strategic decisions in supply chain management |
| 9 (RLIN) | 70446 |
| 650 ## - SUBJECT ADDED ENTRY--TOPICAL TERM | |
| Topical term or geographic name entry element | Source management in supply chain |
| 9 (RLIN) | 70447 |
| 650 ## - SUBJECT ADDED ENTRY--TOPICAL TERM | |
| Topical term or geographic name entry element | Mathematical modeling for supply chain |
| 9 (RLIN) | 70448 |
| 700 ## - ADDED ENTRY--PERSONAL NAME | |
| Personal name | Deshmukh, S G. |
| 9 (RLIN) | 70449 |
| 942 ## - ADDED ENTRY ELEMENTS (KOHA) | |
| Source of classification or shelving scheme | Dewey Decimal Classification |
| Koha item type | Book |
| Edition | 1st |
| Call number prefix | 658.7 MOHR |
| Withdrawn status | Lost status | Source of classification or shelving scheme | Damaged status | Not for loan | Collection code | Home library | Current library | Source of acquisition | Cost, normal purchase price | Inventory number | Total Checkouts | Full call number | Barcode | Date last seen | Cost, replacement price | Price effective from | Koha item type | Date acquired |
|---|---|---|---|---|---|---|---|---|---|---|---|---|---|---|---|---|---|---|
| Dewey Decimal Classification | MCA | St Aloysius Institute of Management & Information Technology | St Aloysius Institute of Management & Information Technology | Knowledge World | 399.00 | Bill no:182; Bill dt:2016-01-13 | 658.7 MOHR | MCA14404 | 07/21/2025 | 299.25 | 07/16/2021 | Book | ||||||
| Dewey Decimal Classification | MCA | St Aloysius Institute of Management & Information Technology | St Aloysius Institute of Management & Information Technology | Knowledge World | 399.00 | Bill no:218; Bill dt:2016-03-04 | 658.7 MOHR | MCA14667 | 07/21/2025 | 299.25 | 07/16/2021 | Book | ||||||
| Dewey Decimal Classification | MCA | St Aloysius Institute of Management & Information Technology | St Aloysius Institute of Management & Information Technology | Knowledge World | 399.00 | Bill no:318; Bill dt:2017-02-10 | 658.7 MOHR | MCA15185 | 07/21/2025 | 299.25 | 07/16/2021 | Book | 03/01/2017 | |||||
| Dewey Decimal Classification | MCA | St Aloysius Institute of Management & Information Technology | St Aloysius Institute of Management & Information Technology | Knowledge World | 399.00 | Bill no:318; Bill dt:2017-02-10 | 658.7 MOHR | MCA15186 | 07/21/2025 | 299.25 | 07/16/2021 | Book | 03/01/2017 |